| 000 | 00542nam a2200193Ia 4500 | ||
|---|---|---|---|
| 003 | GCL | ||
| 008 | 140319s9999 xx 000 0 eng d | ||
| 040 |
_aGCL / _cGCL |
||
| 082 | 0 | 4 |
_a953.67 _bC K |
| 100 | 1 | _aCENTRE DES RECHEROHES ET DES KOWEITIENNE | |
| 245 | 1 | 0 |
_aKUWAIT : REALITE ET FRONTIERES / _cCENTRE DES RECHEROHES ET DES KOWEITIENNE |
| 260 |
_a[S.N] : _bCENTRE DES RECHERCHES ET DES ETUDES |
||
| 300 | _a232 P | ||
| 650 | 0 | 4 | _aHISTORY |
| 650 | 0 | 4 | _aKUWAIT |
| 650 | 0 | 4 | _aECONOMIC |
| 650 | 0 | 4 | _aSCIENCE - POLICY |
| 942 |
_2ddc _cBK |
||
| 999 |
_c11782 _d11782 |
||